000
00280nam a22001217a 4500
008
170425b xxu||||| |||| 00| 0 eng d
041
_a
eng
080
_a
54
100
_a
12
101
_a
SHM
245
_a
SCLIONES CHEMISTRY AND TECHNOLOGY
_c
GOLDSCMIDT.TH
942
_2
udc
_c
BK
999
_c
11871
_d
11871